000 01149cam a22003257a 4500
003 CHAP
005 20220329133732.0
008 971013s1978 r 00010 d
010 _a10114
011 _a11086
035 _a10324
040 _cCHAP
090 _aTesis
100 0 0 _aBacigalupo Kraljevic, Ernesto E.
_99288
245 0 _aEfecto de diferentes condiciones vegetativos sobre el nivel y variaciónes estacionales de nitrógeno y carbohidratos en chirimoyo (Anona cherimolia Mill.)
260 _aSantiago :
_bEl autor,
_c1978
300 _a45 h.
_b: ilus
502 _aTesis (Lic. en agronomía) -- Universidad Nacional de Chile. Fac. de Agronomía
590 _aALEPH
_b10
_c20130110
_lUCH01
_h1226
590 _aBATCH-UPD
_b10
_c20130110
_lUCH01
_h1810
590 _aBATCH-UPD
_b10
_c20130410
_lUCH01
_h1145
590 _aBATCH-UPD
_b10
_c20130914
_lUCH01
_h0926
590 _aCONVERSION
_b10
_c20130109
_lUCH01
_h1306
650 1 4 _aChirimoya.
_922608
650 1 4 _aChirimoya
_xCarbohidratos en.
_922609
650 1 4 _aChirimoya
_xNitrógeno en.
_922618
901 _aBK
942 _cLIBRO
949 _bBC
_cLIBRO
_d-21814
_eLIBRO
_i10324
_si
999 _c10114
_d10114